Ekonomická diplomacia teoretické východiská, riadenie a prax v medzinárodnom podnikaní
Salvato in:
| Autore principale: | |
|---|---|
| Altri autori: | , |
| Natura: | Libro |
| Lingua: | slovacco |
| Pubblicazione: |
Bratislava
Wolters Kluwer SR
2019
|
| Edizione: | 1. vydanie |
| Soggetti: | |
| Tags: |
Nessun Tag, puoi essere il primo ad aggiungerne!!
|
MARC
| LEADER | 00000nam a2200000 4500 | ||
|---|---|---|---|
| 001 | 0262592 | ||
| 005 | 20240221112708.1 | ||
| 020 | |a 978-80-571-0096-6 | ||
| 041 | 0 | |a slo | |
| 044 | |a SK | ||
| 245 | 1 | 0 | |a Ekonomická diplomacia |b teoretické východiská, riadenie a prax v medzinárodnom podnikaní |c Marek Csabay ; recenzenti: Andrej Findor, Tomáš Dudáš |
| 250 | |a 1. vydanie | ||
| 264 | 1 | |a Bratislava |b Wolters Kluwer SR |c 2019 | |
| 300 | |a 104 s. | ||
| 610 | 2 | 0 | |a diplomacia hospodárska |
| 610 | 2 | 0 | |a právo |
| 610 | 2 | 0 | |a história |
| 610 | 2 | 0 | |a podnikanie medzinárodné |
| 610 | 2 | 0 | |a podpora podnikania |
| 610 | 2 | 0 | |a politika obchodná |
| 610 | 2 | 0 | |a modely riadenia |
| 610 | 2 | 0 | |a organizácie medzinárodné |
| 610 | 2 | 0 | |a informácie |
| 610 | 2 | 0 | |a Slovensko |
| 100 | 1 | |a Csabay, Marek | |
| 700 | 1 | |a Findor, Andrej | |
| 700 | 1 | |a Dudáš, Tomáš, 1976- | |